Score 0/42 Timer 06:00
10 Plays Today
% Correct
❖GRAND❖
99.5%
BLAND
92.8%
BRAND
92.1%
CLOCK
90.6%
❖SPACE❖
89%
SPICE
88.9%
SLICE
88.2%
BLOCK
87.6%
STARE
87%
BLANK
86.8%
❖BLACK❖
86.7%
SPARE
86.4%
SLICK
84.9%
STARS
84.7%
❖ROCKY❖
79.2%
CLICK
77.3%
RINKS
77.2%
❖WHITE❖
76.5%
ROCKS
75.4%
RICKY
74.9%
WANTS
73.8%
% Correct
WHALE
73.1%
❖STATE❖
73.1%
WRITE
72.1%
RANKS
69.8%
SOAKS
69.4%
SOARS
68.6%
RICKS
68%
RANTS
67.5%
SPADE
66.6%
WHILE
66.4%
STALE
66%
SHALE
65.5%
SHADE
65.4%
SOCKS
63.1%
SHARE
62.9%
WRITS
61.5%
WAITS
59.4%
THERE
57.9%
SPATE
55.8%
❖THEME❖
55.6%
SHERE
54.3%
Remove Ads.
Support Sporcle.
Get the best of Sporcle when you Go Orange. This ad-free experience offers more features, more stats, and more fun while also helping to support Sporcle. Thank you for becoming a member.

You're not logged in!

Compare scores with friends on all Sporcle quizzes.
OR
Log In

Sporcle TV

Today on Sporcle TV


Watch our educational content, quiz creation guides, and fun videos on Sporcle TV.

Show Comments

Extras

Top Quizzes Today


Score Distribution

Paid Content

Your Account Isn't Verified!

In order to create a playlist on Sporcle, you need to verify the email address you used during registration. Go to your Sporcle Settings to finish the process.

Report this User

Report this user for behavior that violates our Community Guidelines.

Details: